[Event "AUT-ch"]
[Site "Lienz"]
[Date "1981.08.13"]
[Round "12"]
[White "Hoelzl, Franz"]
[Black "Wittmann, Walter"]
[Result "1-0"]
[WhiteElo "2375"]
[BlackElo "2380"]
[Annotator "Bulletin"]
[PlyCount "53"]
[EventDate "1981.08.01"]
[EventType "tourn"]
[EventRounds "15"]
[EventCountry "AUT"]
[EventCategory "2"]
[SourceTitle "EXT 1998"]
[Source "ChessBase"]
[SourceDate "1997.11.17"]
[SourceVersion "1"]
[SourceVersionDate "1997.11.17"]
[SourceQuality "1"]

1. c4 e5 2. g3 Nf6 {Gut ist an dieser Stelle auch 2...c6.} 3. Bg2 d5 4. cxd5
Nxd5 5. Nf3 Nc6 6. O-O Nb6 {Nötig, da Weiß stark 7.d4 drohte.} 7. a3 Be7 8. d3
O-O {Meines Erachtens stellt dieser "Normalzug" schon eine Ungenauigkeit dar.
Nach} (8... f5 9. Nbd2 Bf6 {hätte Weiß, um b4 verwirklichen zu können, vorerst
mit Tb1 Zeit aufwenden müs- sen. Vielleicht wäre es in diesem Fall besser
gewesen, mit 9.Sc3 in übliche Varianten einzulenken.}) 9. Nbd2 {Hier steht der
Springer wesentlich wirksamer als auf dem Standardfeld c3.} Be6 $2 {Dieser
Schablonenzug hat zwei Nachteile: Erstens kann der Punkt e5 nur mehr passiv
mit f6 überdeckt werden, zweitens wird b7 schwach.} 10. b4 f6 11. Nb3 Qd7 12.
Rb1 Rab8 13. Qc2 Rfd8 14. Be3 {Da mein Gegner - ansonsten ein profunder
Eröffnungskenner - die Stellung sehr passiv behandelt hat, konnte ich an
dieser Stelle zwischen mehreren sehr er- folgversprechenden Zügen wählen, z.B.}
(14. Rd1 {und d4 ist nicht mehr zu verhinder, oder}) (14. b5 $1 Nd4 15. Nbxd4
exd4 16. a4 {und der Bauer auf d4 ist auf die Dauer kaum zu halten. Der
Textzug verdirbt jedoch nichts.} Kh8) 14... Kh8 15. Rfc1 a6 16. Nc5 {Sehr
stark in Betracht kam auch 16.Sa5.} Bxc5 17. Bxc5 Rbc8 18. a4 Nd5 19. Nd2 $2 {
Anstatt mit dem auf der Hand liegenden 19.b5 mit andauerndem Druck fortzufah-
ren, läßt sich Weiß auf unnötige Verwicklungen ein.} b6 20. b5 axb5 $2 {
Schwarz revanchiert sich. Nach} (20... Na7 {wäre der Partieausgang völlig
offen, z.B.} 21. e4 bxc5 22. exd5 Bxd5 23. Qxc5 Bxg2 24. Kxg2 Qxd3 {oder}) (
20... Na7 21. bxa6 bxc5 22. Qxc5 Ra8 23. Rb7 {mit schwer zu beurteilender
Stellung.}) 21. axb5 Na7 22. Qa4 {[#] Möglicherweise hatte Schwarz diesen Zug
in beginnender Zeitnot übersehen.} Nxb5 23. Qxb5 c6 24. Qb2 bxc5 25. Ne4 Bh3 $2
{Ein schwerer Fehler in schlechter, wenngleich nicht hoffnungsloser Stellung.}
26. Nxc5 Qf5 {Stellt eine ganze Figur ein, doch war Schwarz bereits verloren:}
(26... Qg4 27. Rc4 Nf4 28. f3 Qg5 (28... Qg6 29. Rxf4) 29. Bxh3 Nxh3+ 30. Kg2
Qh6 (30... Nf4+ 31. Kh1 {nebst 32.Se6}) 31. Rh4 Qe3 32. Ne6 {oder Sb7.} Re8 33.
Qb7 $1) 27. e4 {[FM F. Hölzl]} 1-0

[Event "Grenke Chess Classic 1st"]
[Site "Baden-Baden"]
[Date "2013.02.14"]
[Round "7"]
[White "Adams, Michael"]
[Black "Naiditsch, Arkadij"]
[Result "1/2-1/2"]
[WhiteElo "2725"]
[BlackElo "2716"]
[Annotator "CB"]
[PlyCount "104"]
[EventDate "2013.02.07"]
[EventType "tourn"]
[EventRounds "10"]
[EventCountry "GER"]
[EventCategory "19"]
[SourceTitle "CBM 153"]
[Source "ChessBase"]
[SourceDate "2013.03.14"]
[SourceVersion "1"]
[SourceVersionDate "2013.03.14"]
[SourceQuality "1"]

1. c4 e5 2. g3 Nf6 3. Bg2 c6 4. d4 e4 5. Nc3 d5 6. Bg5 Nbd7 7. cxd5 cxd5 8. Qb3
h6 9. Bf4 g5 $5 {It looked close to madness against a positional master like
Adams, although the Englishman told Naiditsch afterwards in the press
conference that after} 10. Be5 Bg7 11. Bd6 Nb8 $6 ({he'd expected the mayhem of
} 11... Nb6 12. Nb5 Nc4 13. Nc7+ {"more in your style!"}) 12. Nb5 Na6 13. e3
Qa5+ 14. Nc3 Qb6 15. Qxb6 axb6 16. Nge2 Be6 17. O-O Rd8 18. Nb5 Kd7 19. Nec3
Ne8 20. Ba3 Nec7 21. Nxc7 Nxc7 22. Na4 Na8 23. f3 f5 24. g4 exf3 25. gxf5 fxg2
26. fxe6+ Kxe6 27. Kxg2 Bf8 28. Rf2 Bxa3 29. bxa3 Rhf8 30. Rb2 Rd6 31. Rab1 h5
32. Nxb6 Nxb6 33. Rxb6 Rxb6 34. Rxb6+ Kf5 35. Rxb7 Re8 36. Rf7+ Kg4 37. Rf3 Rc8
38. h3+ Kh4 39. Rf2 Rc3 40. Re2 Rxa3 41. Kh2 g4 42. hxg4 Kxg4 43. Kg2 h4 44.
Kf2 h3 45. Rb2 Ra8 46. Rb7 Rxa2+ 47. Kg1 Re2 48. Rd7 Kg3 49. Rg7+ Kf3 50. Rd7
Re1+ 51. Kh2 Re2+ 52. Kh1 Re1+ 1/2-1/2

[Event "FIDE World Cup"]
[Site "Baku"]
[Date "2015.09.12"]
[Round "1.2"]
[White "Muzychuk, Mariya"]
[Black "Adams, Michael"]
[Result "0-1"]
[WhiteElo "2528"]
[BlackElo "2742"]
[Annotator "CB"]
[PlyCount "104"]
[EventDate "2015.09.11"]
[EventType "k.o."]
[EventRounds "7"]
[EventCountry "AZE"]
[SourceTitle "CBM 169"]
[Source "ChessBase"]
[SourceDate "2015.11.10"]
[SourceVersion "1"]
[SourceVersionDate "2015.11.10"]
[SourceQuality "1"]

1. c4 e5 2. g3 Nf6 3. Bg2 h6 4. Nc3 Bb4 5. Qb3 a5 6. e3 Bxc3 7. Qxc3 d6 8. Ne2
O-O 9. O-O Nc6 10. d4 Bf5 11. d5 Ne7 12. f3 e4 13. f4 Qd7 14. b3 a4 15. Bb2 a3
16. Bc1 c6 17. dxc6 Nxc6 18. Nd4 Nxd4 19. Qxd4 d5 20. c5 h5 21. Bd2 Ra6 22. Bc3
h4 23. gxh4 Rc8 24. Rac1 Rac6 25. b4 b6 26. cxb6 Rc4 27. Qd2 Qc6 28. b7 Qxb7
29. Bd4 Qxb4 30. Qxb4 Rxb4 31. Rxc8+ Bxc8 32. Rc1 Be6 33. Bf1 Kh7 34. Be2 Bg4
35. Bxf6 Bxe2 36. Bd4 Bc4 37. Rc2 Kh6 38. Kg2 Rb1 39. Bc5 Rb2 40. Rf2 {[#]} Be2
{Adams hat noch ein paar Giftpfeile im Köcher.} 41. Bxa3 ({Falls} 41. f5 {
so trotzdem} d4 42. Bxd4 Rxa2 {und ist der a-Bauer stark.}) 41... Rc2 $5 {
Verhindert Lc5, um d4 spielen zu können.} (41... Rxa2 42. Bc5 Bf3+ 43. Kg3 Ra6
{mit der Drohung Tg6.} 44. f5 Rf6 45. Kf4 g6 46. Ke5 Rxf5+ 47. Kd4 $15) 42. f5
d4 43. exd4 e3 44. Rf4 ({Die etwas versteckte Möglichkeit für Weiß, die
Partie zu hakten, war} 44. Bc1 Bf3+ (44... Rxc1 $2 45. Rxe2 $16) 45. Kxf3 Rxf2+
46. Ke4 Kh5 (46... Rd2 47. Kxe3 Rxa2 48. d5 $11) 47. Bxe3 Rxa2 {wird kaum zu
gewinnen sein.}) 44... Bc4+ 45. Kg3 (45. Kf3 Bd5+ 46. Kxe3 Rc3+ $19) 45... Bd5
{Und Weiß ist nun in ersnthaften Schwierigkeiten. Der König ist bedroht und
der schwarze e-Bauer ist mobil.} 46. Rg4 Rf2 47. Rg5 {Weiß hat noch
Gegenspiel: Es droht f6 mit Gewinn.} f6 48. Rg6+ Kh7 49. h5 Rxf5 50. Bf8 Kg8 (
50... Rf3+ {reichte auch} 51. Kg4 e2 52. Rxg7+ Kh8 53. Re7 Rf1 54. Bg7+ (54.
Rxe2 Bf3+) 54... Kg8 55. Bxf6 e1=Q 56. Rxe1 Rxe1 $19) 51. Bb4 Kf7 52. Kh4 Bf3
0-1

[Event "Vienna op"]
[Site "Vienna"]
[Date "1996.??.??"]
[Round "1"]
[White "Rotstein, Arkadij"]
[Black "Bareev, Evgeny"]
[Result "0-1"]
[WhiteElo "2475"]
[BlackElo "2655"]
[Annotator "Chekhov,V"]
[PlyCount "66"]
[EventDate "1996.??.??"]
[EventType "swiss"]
[EventRounds "9"]
[EventCountry "AUT"]
[SourceTitle "CBM 053 Extra"]
[Source "ChessBase"]
[SourceDate "1996.09.01"]
[SourceVersion "1"]
[SourceVersionDate "1996.09.01"]
[SourceQuality "1"]

1. c4 e5 2. g3 Nf6 3. Bg2 d5 4. cxd5 Nxd5 5. Nf3 Nc6 6. O-O Nb6 7. d3 Be7 8. a3
O-O 9. Nbd2 (9. Be3 $5) 9... a5 10. b3 Be6 (10... Re8 $5 11. Bb2 Bf8 12. Rc1
Nd4 13. e3 Nxf3+ 14. Nxf3 f6 15. Qc2 c5 16. Nd2 a4 $1 $15 {Rotstein,A-Gipslis,
A/Minsk/1993/0,5/40/}) 11. Bb2 f6 12. Qc2 Rf7 (12... Qe8 13. d4 exd4 14. Nxd4
Nxd4 15. Bxd4 Qd7 16. Bb2 c6 $10 {Chiburdanidze,M-Polgar,Z/Shanghai/1992/0,5/
24/}) (12... Qd7 13. Rfd1 Rfd8 14. Nc4 Qe8 15. Nfd2 Nd5 16. Nf3 Qf7 $10 {
Dragomarezkij,E-Morozevich,A/Alushta/1993/0|1/36/}) 13. Rfd1 Bf8 14. e3 Rd7 15.
d4 exd4 16. Nxd4 Nxd4 17. Bxd4 c5 18. Bc3 (18. Bxc5 Bxc5 (18... Rc8 $2 19. Bxb6
$16) 19. Qxc5 Bxb3 20. Rdb1 Rc8 $6 (20... Rxd2 $1 21. Rxb3 Rd1+ 22. Rxd1 Qxd1+
23. Bf1 Qxb3 $19) 21. Qb5 Bc2 22. Rb2 $22 Na4 $2 23. Rxc2 Rxc2 24. Qb3+ $18)
18... a4 19. Be4 h6 20. Bf3 Qc7 21. Qg6 Bf7 22. Qf5 Rad8 23. Ne4 (23. Be4 Bxb3
24. Qh7+ Kf7 25. Qg6+ Ke7 26. Bxf6+ gxf6 27. Qh7+ Bf7 $19) 23... Bxb3 24. Qg6
Rxd1+ 25. Rxd1 Rxd1+ 26. Bxd1 Nd5 (26... Bxd1 $4 27. Nxf6+ $18) 27. Bh5 (27.
Bxb3 axb3 28. Nxf6+ Nxf6 29. Bxf6 Qc6 $19) 27... Qe7 (27... Nxc3 $4 28. Nxf6+
$19) 28. Bb2 Bc2 29. Bf3 Nb6 (29... Qf7 30. Nxf6+ Nxf6 (30... Qxf6 31. Bxd5+
Kh8 32. Qxc2 $18) 31. Qxc2 $16) 30. Kg2 (30. Nxf6+ Qxf6 31. Qxc2 Qxf3 $19)
30... Kh8 31. Qg4 Nc4 32. Bc3 f5 $1 33. Qxf5 Nd6 (33... Nd6 34. Qg6 Bxe4 35.
Qxh6+ Kg8 $19) 0-1

[Event "Hoogovens"]
[Site "Wijk aan Zee"]
[Date "1989.01.13"]
[Round "1"]
[White "Sokolov, Ivan"]
[Black "Tseshkovsky, Vitaly"]
[Result "0-1"]
[WhiteElo "2580"]
[BlackElo "2520"]
[Annotator "ChessBase"]
[PlyCount "38"]
[EventDate "1989.01.13"]
[EventType "tourn"]
[EventRounds "13"]
[EventCountry "NED"]
[EventCategory "13"]
[SourceTitle "CBM 011"]
[Source "ChessBase"]
[SourceDate "1989.08.01"]
[SourceVersion "1"]
[SourceVersionDate "1989.08.01"]
[SourceQuality "1"]

1. c4 e5 2. g3 d6 3. Bg2 g6 4. e3 Bg7 5. Ne2 h5 6. d4 h4 7. Nbc3 Nh6 8. e4 Bg4
9. Qd3 Nd7 10. d5 Nc5 11. Qe3 h3 12. Bf1 f5 13. f3 fxe4 $1 14. fxg4 (14. fxe4
O-O 15. Ng1 Qf6 $1 16. Be2 (16. Bxh3 Nd3+ $1 17. Qxd3 Qf2#) 16... Bxe2 17. Qxe2
Nd3+ 18. Qxd3 Qf2+ 19. Kd1 Qg2 $19) 14... Nxg4 15. Qg1 Qf6 16. Nd1 Nd3+ 17. Kd2
Qf3 18. a3 Bh6+ 19. Kc2 Nb4+ 0-1

[Event "Khanty-Mansiysk FIDE GP (Women)"]
[Site "Khanty-Mansiysk"]
[Date "2014.04.15"]
[Round "6"]
[White "Lagno, Kateryna"]
[Black "Batchimeg, Tuvshintugs"]
[Result "1/2-1/2"]
[WhiteElo "2543"]
[BlackElo "2340"]
[Annotator "ChessBase Website"]
[PlyCount "161"]
[EventDate "2014.04.09"]
[EventType "tourn"]
[EventRounds "11"]
[EventCountry "RUS"]
[EventCategory "10"]
[SourceTitle "CBM 160"]
[Source "ChessBase"]
[SourceDate "2014.05.15"]
[SourceVersion "1"]
[SourceVersionDate "2014.05.15"]
[SourceQuality "1"]
[TimeControl "40/5400+30:1800+30"]
[WhiteClock "1:30:00"]
[BlackClock "1:30:00"]

1. c4 {[%emt 0:00:00]} e5 {[%emt 0:00:00]} 2. g3 {[%emt 0:00:18]} Nf6 {[%emt 0:
00:00]} 3. Bg2 {[%emt 0:00:25]} d5 {[%emt 0:00:12]} 4. cxd5 {[%emt 0:00:16]}
Nxd5 {[%emt 0:00:04]} 5. Nf3 {[%emt 0:00:19]} Nc6 {[%emt 0:00:07]} 6. O-O {
[%emt 0:00:17]} Be7 {[%emt 0:00:15]} 7. d4 {[%emt 0:00:41]} exd4 {[%emt 0:05:
57]} 8. Nxd4 {[%emt 0:00:05]} Nxd4 {[%emt 0:00:38]} 9. Qxd4 {[%emt 0:00:06]}
Nf6 {[%emt 0:00:41]} 10. Qa4+ {[%emt 0:00:30]} c6 {[%emt 0:04:35]} 11. Rd1 {
[%emt 0:00:48]} Qb6 {[%emt 0:01:12]} (11... Bd7 12. Bg5 Qc7 13. Nc3 Be6 14. Qc2
O-O 15. e4 Rfd8 16. h3 Rxd1+ 17. Rxd1 Rd8 18. Be3 Rxd1+ 19. Qxd1 Nd7 20. f4 f6
21. a3 Bc5 22. Bxc5 Nxc5 23. Qd4 Qb6 24. Kh2 Nd7 25. Qd6 Nf8 26. Na4 Qf2 27.
Nc5 Bc4 28. Nd7 Nxd7 29. Qxd7 h6 30. Qxb7 Bb5 31. e5 fxe5 32. fxe5 Qe2 33. Qc8+
Kf7 34. Qd7+ Kg6 35. e6 {1-0 (35) Movsesian,S (2699)-Bryzgalin,K (2470)
Pardubice 2013}) 12. Be3 {[%emt 0:00:27]} Bc5 {[%emt 0:00:35]} 13. Bxc5 {
[%emt 0:01:07]} Qxc5 {[%emt 0:02:37]} 14. b4 {[%emt 0:03:01]} Qb6 {[%emt 0:01:
40]} 15. Na3 {[%emt 0:19:13]} O-O {[%emt 0:13:00]} 16. Nc4 {[%emt 0:10:48]} Qc7
{[%emt 0:00:26]} 17. Qa5 {[%emt 0:00:35]} Qe7 {[%emt 0:13:32]} 18. Nb6 {
[%emt 0:02:34]} Rb8 {[%emt 0:00:26]} 19. Nxc8 {[%emt 0:01:31]} Rfxc8 {[%emt 0:
00:35]} 20. Qxa7 {[%emt 0:01:38]} Qxe2 {[%emt 0:01:42]} 21. a4 $146 {[%emt 0:
08:58]} (21. Re1 Qb5 22. Qc5 Qxc5 23. bxc5 Kf8 24. Rab1 Rc7 25. Bh3 Ra8 26. Rb2
Ra5 27. Reb1 Ra7 28. f3 Nd7 29. Bxd7 Rxd7 30. Kf2 Ke7 31. Re2+ Kd8 32. Rb4 Ra5
33. Rc2 Ra3 34. Re4 Rad3 35. Re5 f6 36. Re3 Rd1 37. Re1 R1d5 38. Re6 Rd1 39.
Re1 R1d4 40. Re6 Rb4 41. Re3 Ra4 42. Ke2 Rad4 43. Kf2 h6 44. Ke2 Rd1 45. f4 h5
46. Kf3 Rf1+ 47. Ke2 Rh1 48. Kf3 Rf1+ 49. Ke2 Rfd1 50. Kf3 R1d4 {Kerr,S (2609)
-Karapchanski,D (2529) ICCF email 2006 1/2-1/2}) 21... h6 {[%emt 0:18:25]} 22.
h3 {[%emt 0:20:14]} Re8 {[%emt 0:18:52]} 23. Qb6 $14 {[%emt 0:08:03][%csl Rb7,
Rb8] Lagno certainly obtained good pressure from the opening. She missed a
couple of key points in which she could have won a pawn in a clean fashion,
instead her accuracy dropped somewhat and she ended up a pawn but in a drawish
rook endgame that Tuvshintugs defended very well.} Ne4 {[%emt 0:02:53]} 24. Re1
{[%emt 0:06:48]} Qc4 {[%emt 0:00:32]} 25. Bxe4 {[%emt 0:05:10]} Rxe4 {[%emt 0:
00:07]} 26. Qc7 {[%emt 0:00:42]} Rxe1+ {[%emt 0:02:04]} 27. Rxe1 {[%emt 0:00:
03]} Ra8 {[%emt 0:00:49]} 28. Qxb7 {[%emt 0:01:53]} Rxa4 {[%emt 0:00:14]} 29.
Qc8+ {[%emt 0:00:14]} Kh7 {[%emt 0:00:05]} 30. Qf5+ {[%emt 0:00:07]} g6 {
[%emt 0:00:17]} 31. Qf6 {[%emt 0:00:04]} Ra8 {[%emt 0:02:02]} 32. Re7 {[%emt 0:
00:55]} Kg8 {[%emt 0:02:46]} 33. Rc7 {[%emt 0:00:13]} Re8 {[%emt 0:06:58]} 34.
Kh2 {[%emt 0:01:31]} Rf8 {[%emt 0:01:19]} 35. Qd6 {[%emt 0:01:05]} Qa2 {
[%emt 0:01:16]} 36. Qd4 {[%emt 0:02:53]} Qd5 {[%emt 0:00:19]} 37. Qc5 {[%emt 0:
00:39]} Rb8 {[%emt 0:00:40]} 38. Rxc6 {[%emt 0:01:24]} Qxc5 {[%emt 0:00:15]}
39. bxc5 {[%emt 0:00:04]} Rb3 {[%emt 0:00:37]} 40. g4 {[%emt 0:00:00]} Kg7 {
[%emt 0:00:00]} 41. h4 {[%emt 0:04:46]} h5 {[%emt 0:05:11]} 42. gxh5 {[%emt 0:
08:15]} gxh5 {[%emt 0:00:07]} 43. Rd6 {[%emt 0:00:32]} Rb4 {[%emt 0:09:14]} 44.
Kg3 {[%emt 0:00:29]} Rg4+ {[%emt 0:00:05]} 45. Kh3 {[%emt 0:00:26]} Rf4 {
[%emt 0:00:28]} 46. Rd2 {[%emt 0:00:30]} Rc4 {[%emt 0:00:25]} 47. Rd5 {[%emt 0:
00:04]} Kg6 {[%emt 0:01:10]} 48. Rg5+ {[%emt 0:02:39]} Kh6 {[%emt 0:00:25]} 49.
f3 {[%emt 0:01:33]} f6 {[%emt 0:00:16]} 50. Rd5 {[%emt 0:00:04]} Kg6 {[%emt 0:
00:23]} 51. Kg3 {[%emt 0:00:04]} Rc3 {[%emt 0:00:26]} 52. Kf4 {[%emt 0:05:34]}
Rc4+ {[%emt 0:00:06]} 53. Ke3 {[%emt 0:01:36]} Rxh4 {[%emt 0:00:11]} 54. Kd3 {
[%emt 0:10:15]} Rh1 {[%emt 0:00:22]} 55. Kc2 {[%emt 0:00:15]} Re1 {[%emt 0:04:
49]} 56. c6 {[%emt 0:00:44]} Re6 {[%emt 0:05:13]} 57. Rc5 {[%emt 0:00:18]} Re8
{[%emt 0:00:07]} 58. Kd3 {[%emt 0:00:48]} h4 {[%emt 0:00:54]} 59. c7 {[%emt 0:
00:23]} Rc8 {[%emt 0:00:05]} 60. Ke3 {[%emt 0:00:29]} Kf7 {[%emt 0:01:50]} 61.
Kf4 {[%emt 0:01:04]} Ke7 {[%emt 0:01:16]} 62. Rc6 {[%emt 0:02:14]} Kd7 {
[%emt 0:00:32]} 63. Rxf6 {[%emt 0:00:06]} Rh8 {[%emt 0:00:21]} 64. Rf7+ {
[%emt 0:00:49]} Kc8 {[%emt 0:00:11]} 65. Rg7 {[%emt 0:00:40]} h3 {[%emt 0:00:
13]} 66. Rg1 {[%emt 0:00:05]} Kxc7 {[%emt 0:00:49]} 67. Rh1 {[%emt 0:00:23]} h2
{[%emt 0:00:20]} 68. Kg3 {[%emt 0:00:03]} Kd6 {[%emt 0:00:06]} 69. Rxh2 {
[%emt 0:00:09]} Rxh2 {[%emt 0:00:15]} 70. Kxh2 {[%emt 0:00:09]} Ke5 {[%emt 0:
00:03]} 71. Kg3 {[%emt 0:00:19]} Kf5 {[%emt 0:00:05]} 72. f4 {[%emt 0:00:07]}
Kf6 {[%emt 0:00:07]} 73. Kg4 {[%emt 0:00:07]} Kg6 {[%emt 0:00:05]} 74. f5+ {
[%emt 0:00:04]} Kf6 {[%emt 0:00:04]} 75. Kf4 {[%emt 0:00:02]} Kf7 {[%emt 0:00:
07]} 76. Ke5 {[%emt 0:00:03]} Ke7 {[%emt 0:00:07]} 77. f6+ {[%emt 0:00:03]} Kf7
{[%emt 0:00:06]} 78. Kf5 {[%emt 0:00:04]} Kf8 {[%emt 0:00:04]} 79. Kg6 {
[%emt 0:00:03]} Kg8 {[%emt 0:00:06]} 80. f7+ {[%emt 0:00:03]} Kf8 {[%emt 0:00:
03]} 81. Kf6 {[%emt 0:00:02]} 1/2-1/2

[Event "Biel"]
[Site "Biel"]
[Date "1986.07.28"]
[Round "8"]
[White "Cebalo, Miso"]
[Black "Miles, Anthony John"]
[Result "0-1"]
[WhiteElo "2475"]
[BlackElo "2570"]
[Annotator "Dolmatov,S"]
[PlyCount "100"]
[EventDate "1986.07.20"]
[EventType "tourn"]
[EventRounds "11"]
[EventCountry "SUI"]
[EventCategory "12"]
[SourceTitle "MCL"]
[Source "ChessBase"]
[SourceDate "1999.07.01"]
[SourceVersion "1"]
[SourceVersionDate "1999.07.01"]
[SourceQuality "1"]

1. c4 e5 2. g3 c6 3. d4 exd4 4. Qxd4 Nf6 5. Bg2 d5 6. cxd5 (6. Nf3 Be7 7. cxd5
cxd5 8. O-O O-O 9. Nc3 Nc6 $10 {Romanishin,O-Polugaevsky,L/URS/1974/}) 6...
Nxd5 $6 (6... cxd5 7. Nf3 Be7 $10) 7. Nf3 Nb4 8. Qxd8+ Kxd8 9. Na3 Be7 10. O-O
Be6 11. Bd2 a5 (11... Nxa2 $2 12. Nd4 Nb4 13. Nxe6+ fxe6 14. Bh3 Kd7 15. Rfd1
$44) 12. Bc3 (12. Nd4 Bxa2 13. Bxb4 (13. Nac2 N8a6) 13... axb4 14. Nc4 Kc7 $15)
12... f6 13. b3 c5 $6 (13... Nd7 14. Nd4 Bf7 15. Nf5 $40) 14. Nd2 N8c6 15. Ndc4
Ra6 (15... a4 16. Nb6 $16) 16. Nb5 Kc8 17. a3 Nd5 18. Bb2 Kb8 (18... a4 19.
bxa4 Rxa4 $2 20. Bxd5 $16) 19. Rfd1 Nc7 20. a4 $16 Rd8 21. Rxd8+ Nxd8 22. Rd1
Nf7 23. Bc3 b6 24. f4 $6 (24. Bc6 $5 Nd8 25. Bd7 $16) 24... Nxb5 25. axb5 Ra7
26. Nxb6 Bxb3 27. Rd2 $2 (27. Nd7+ $1 Kc8 28. b6 Rb7 $8 (28... Rxd7 29. b7+
Rxb7 30. Bxb7+ Kxb7 31. Rd7+) 29. Bxb7+ Kxb7 $44 30. Rd2) 27... Nd6 28. Bc6 a4
$17 29. e4 a3 30. e5 Nc4 31. Nd7+ $2 (31. Nxc4 $1 Bxc4 32. b6 Ra6 33. Rd7 Rxb6
34. Rxe7 Rxc6 35. Rxg7 $13) 31... Kc7 32. Re2 a2 33. Ba1 fxe5 34. Kg2 Ra3 35.
Nxe5 (35. fxe5 Na5 $19) 35... Nxe5 36. fxe5 Be6 37. Rd2 Kb6 (37... c4 $19) 38.
Bd7 Bc4 39. Kf2 Rd3 40. Rxd3 Bxd3 41. Ke3 c4 42. Kd4 Bc5+ 43. Kd5 Bb4 44. Kd4
Be2 45. Ke3 c3 46. Bf5 Bd1 47. Bxh7 c2 48. Bxc2 Bxc2 49. e6 Kxb5 50. Bxg7 Kc4
0-1